_Manual of I.V.therapeautics.-3rd ed. Lynn Dianne Phillips (Record no. 13671)
[ view plain ]
| 000 -LEADER | |
|---|---|
| fixed length control field | 00473nam a2200157Ia 4500 |
| 008 - FIXED-LENGTH DATA ELEMENTS--GENERAL INFORMATION | |
| fixed length control field | 151021s9999 xx 000 0 und d |
| 020 ## - INTERNATIONAL STANDARD BOOK NUMBER | |
| International Standard Book Number | 803608721 |
| 050 ## - LIBRARY OF CONGRESS CALL NUMBER | |
| Classification number | RM 170 .P48 2001 |
| 245 ## - TITLE STATEMENT | |
| Title | _Manual of I.V.therapeautics.-3rd ed. Lynn Dianne Phillips |
| 260 ## - PUBLICATION, DISTRIBUTION, ETC. (IMPRINT) | |
| Place of publication, distribution, etc. | Philadelphia F.A Davis company 2001 |
| 300 ## - PHYSICAL DESCRIPTION | |
| Extent | xxvi,814p.;ill |
| 500 ## - GENERAL NOTE | |
| General note | Includes index. |
| 500 ## - GENERAL NOTE | |
| General note | Includes index. |
| 650 ## - SUBJECT ADDED ENTRY--TOPICAL TERM | |
| Topical term or geographic name as entry element | _I.V. therapeutics |
| 980 ## - EQUIVALENCE OR CROSS-REFERENCE-SERIES STATEMENT--PERSONAL NAME/TITLE [LOCAL, CANADA] | |
| Personal name | ^d20130523 11:57:36^oanne |
No items available.